000 00262nam a22001217a 4500
008 170615b xxu||||| |||| 00| 0 eng d
041 _aeng
080 _22ND
_a32
100 _a20
101 _aSHP
245 _aNATIONS AND MEN
_cDUCHACEK, I.D
942 _2udc
_cBK
999 _c17666
_d17666